Sports Quiz

Random Sports or Basketball Quiz

Original NBA Logos Quiz Stats

 Plays Quiz not verified by Sporcle

Score 0/30 Timer 10:00
0 Plays Today
Logo # Team % Correct
2Boston Celtics
97.7%
4Milwaukee Bucks
92.6%
3Charlotte Bobcats
91.8%
5 Phoenix Suns
88.2%
13Chicago Bulls
86.8%
11Indiana Pacers
86.4%
15Miami Heat
86.1%
16San Antonio Spurs
85.8%
6Dallas Mavericks
85.1%
24Toronto Raptors
84%
17Minnesota Timberwolves
83.4%
25Portland Trail Blazers
81.9%
30Utah Jazz (New Orleans Jazz)
81.5%
23Orlando Magic
81.2%
14Memphis Grizzlies (Vancouver Grizzlies)
81.1%
Logo # Team % Correct
1Oklahoma City Thunder (Seattle Supersonics)
78.7%
10Houston Rockets (San Diego Rockets)
73.3%
8Los Angeles Lakers (Minneapolis Lakers)
68.5%
18Washington Wizards (Baltimore Bullets)
67.6%
26Cleveland Cavaliers
65.4%
19New Orleans Hornets (Charlotte Hornets)
65.2%
20Denver Nuggets
62.9%
22Sacramento Kings (Rochester Royals)
60.3%
29New York Knicks
54.8%
27Philadelphia 76ers (Syracuse Nationals)
53.4%
28Detroit Pistons (Fort Wayne Pistons)
49.6%
21Golden State Warriors (Philadelphia Warriors)
48.4%
9Atlanta Hawks (Tri-Cities Blackhawks)
47.3%
12Los Angeles Clippers (Buffalo Braves)
45.1%
7New Jersey Nets (New York Nets)
41.8%

You're not logged in!

Compare scores with friends on all Sporcle quizzes.
OR
Log In

Show Comments

Extras

Top Quizzes Today


Score Distribution

Your Account Isn't Verified!

In order to create a playlist on Sporcle, you need to verify the email address you used during registration. Go to your Sporcle Settings to finish the process.

Report this User

Report this user for behavior that violates our Community Guidelines.

Details: